MARC

LEADER 00000nam0a2200000 4500
001 290806
005 20231102000326.0
020 |a RU  |b 83-86738 
035 |a (RuTPU)RU\TPU\book\315364 
090 |a 290806 
100 |a 20150409d1983 km y0rusy5003 ca 
101 0 |a rus 
102 |a RU 
105 |a a z 001zb 
200 1 |a Жан Филипп Рамо  |e пер. с фр.  |f Ж. Малиньон 
210 |a Ленинград  |c Музыка  |d 1983 
215 |a 126 с.  |c ил., нот. ил. 
320 |a Библиогр.: с. 110-13 
320 |a Указатель имен: с. 114-124 
600 1 |a Рамо  |b Ж.-Ф.  |c поэт  |c музыкант  |f 1716-начало 1770-х  |g Жан Франсуа  |2 stltpush  |3 (RuTPU)RU\TPU\pers\29880  |9 14352 
606 1 |a Композиторы  |2 stltpush  |3 (RuTPU)RU\TPU\subj\15032  |9 41330 
610 1 |a французская музыка 
610 1 |a Франция 
610 1 |a музыкальная культура 
610 1 |a история 
610 1 |a 18 век 
610 1 |a творческое наследие 
610 1 |a персоналии 
675 |a 78.071.1  |z rus  |v 3 
700 1 |a Малиньон  |b Ж.  |g Жан  |4 070 
801 0 |a RU  |b RuMRKP  |c 19950704  |g psbo 
801 1 |a RU  |b 63413507  |c 20150409 
801 2 |a RU  |b 63413507  |c 20180219  |g RCR 
942 |c BK